| 000 | 00719cam a22002658a 4500 | ||
|---|---|---|---|
| 001 | 17665777 | ||
| 005 | 20180220032055.0 | ||
| 008 | 130318s2013 pau b 001 0 eng | ||
| 010 | _a 2013011047 | ||
| 020 | _a9781451187892 | ||
| 035 | _a(DNLM)101604228 | ||
| 040 |
_aDNLM/DLC _cDLC |
||
| 041 | _aeng | ||
| 042 | _apcc | ||
| 060 | 1 | 0 | _aWY 160 |
| 080 | _a616.890231 VID | ||
| 082 | 0 | 0 |
_a616.890231 VID _223 |
| 100 | 1 | _a3 | |
| 101 | _aINF | ||
| 245 | 1 | 0 |
_aPsychiatric-mental health nursing / _cSheila L. Videbeck ; illustrations by Cathy J. Miller. |
| 263 | _a1307 | ||
| 504 | _aIncludes bibliographical references and index. | ||
| 906 |
_a7 _bcbc _corignew _d1 _eecip _f20 _gy-gencatlg |
||
| 942 |
_2ddc _cBK |
||
| 999 |
_c42859 _d42859 |
||